00376nam a2200145Ia 4500008004100000020001500041041001200056082001600068100001800084245005100102260003300153300000800186650001900194700001700213221030s9999 xx 000 0 und d a8173192251 aEnglish a105.23bMat aJ. H. Mathews 0aComplex Analysis For Mathematics & Engineering bNarosa Pub.aNew Delhic1998 a484 aBE Mathematics aR. W. Howell